000 02444cam a2200385 a 4500
001 14666792
005 20210414114147.0
008 061212s2007 dcua b i001 0 eng
010 _a 2006101261
015 _aGBA739929
_2bnb
016 7 _a013752385
_2Uk
020 _a9780821369456
020 _a0821369458
020 _a0821369466 (electronic)
020 _a9780821369463 (electronic)
035 _a(OCoLC)ocm77116845
035 _a(OCoLC)77116845
040 _aDLC
_cDLC
_dBAKER
_dBTCTA
_dC#P
_dUKM
_dYDXCP
_dDLC
050 0 0 _aHJ9111.L63
082 0 0 _a352.4/8214
_222
245 0 0 _aLocal budgeting. /
_cedited by Anwar Shah.
260 _aWashington, D.C. :
_bWorld Bank,
_cc2007.
300 _axxii, 381 p. :
_bill. ;
_c23 cm.
440 0 _aPublic sector governance and accountability series
504 _aIncludes bibliographical references and index.
505 _aContents: Fiscal administration in local government : an overview / John L. Mikesell --Forecasting local revenues and expenditures / Larry Schroeder --Local fiscal discipline : fiscal prudence, transparency, and accountability / Alta Folscher --Combating corruption in state and local revenue administration / Amaresh Bagchi -- Budget formats : choices and implications / Irene Rubin -- Citizen-centric performance budgeting at the local level / Anwar Shah and Chunli Shen -- How to read a local budget and assess government performance / Carol W. Lewis --Local budget process / Daniel R. Mullins -- Local budget execution / Kurt Thurmaier -- Local capital budgeting / A. John Vogt.
520 _aThis book provides a comprehensive treatment of all aspects of local budgeting needed to develop sound fiscal administration such as setting priorities, planning, financial control over inputs, management of operations and accountability to citizens. Topics covered include fiscal administration, forecasting, fiscal discipline, fiscal transparency, integrity of revenue administration, budget formats, and processes including performance budgeting, and capital budgeting.
650 0 _aLocal budgets.
650 0 _aLocal finance.
700 1 _aShah, Anwar.
856 4 1 _3Table of contents only
_uhttp://www.loc.gov/catdir/toc/ecip076/2006101261.html
906 _a7
_bcbc
_corignew
_d1
_eecip
_f20
_gy-gencatlg
942 _2lcc
_cBK
999 _c2458
_d9958